000 00771nam a2200241 i 4500
001 184542
003 ES-MaACL
005 20251014063259.0
008 151021s2012 sp |||| | spa d
020 _a978-84-08-10936-5
080 _a821.111(73)-31"19"
100 1 _aKennedy, Douglas,
_d1955-
_9157955
245 1 3 _aEl momento en que todo cambió /
_cDouglas Kennedy ; traducción de Claudia Conde.
250 _a1ª ed.
260 _aBarcelona :
_bPlaneta,
_c2012.
300 _a574 p. ;
_c24 cm.
490 1 _aPlaneta internacional
700 1 _aConde, Claudia.
_9157956
830 0 _aPlaneta internacional
_9189078
852 _aES-MaACL
_jA-13594
_9191543
_bR.150794
_cDEPO1
_dOlim: N-6594
_xEnc. cart.
942 _2udc
999 _c184542
_d184542